Inštitucionálny rámec Eurozóny a jeho vplyv na ekonomický rast bakalárska práca

Uložené v:
Podrobná bibliografia
Hlavný autor: Uram - Hricko, David
Korporativný autor: Národohospodárska fakulta EU. Katedra hospodárskej politiky
Ďalší autori: Fifeková, Elena
Médium: Kniha
Jazyk:Slovak
Vydavateľské údaje: Bratislava 2014
Tagy: Pridať tag
Žiadne tagy, Buďte prvý, kto otaguje tento záznam!

MARC

LEADER 00000nbm a2200000 4500
001 0189286
005 20170201085231.4
041 0 |a slo 
044 |a SK 
245 1 0 |a Inštitucionálny rámec Eurozóny a jeho vplyv na ekonomický rast  |b bakalárska práca  |c David Uram - Hricko ; školiteľ: Elena Fifeková 
264 1 |a Bratislava  |c 2014 
300 |a 46 s. 
100 1 |a Uram - Hricko, David 
700 1 |a Fifeková, Elena 
710 2 |a Národohospodárska fakulta EU. Katedra hospodárskej politiky